Eloge de la folie / (Record no. 104878)

MARC details
000 -LEADER
campo de control de longitud fija 00913nam a2200265 i 4500
001 - NÚMERO DE CONTROL
campo de control 104878
003 - IDENTIFICADOR DE NÚMERO DE CONTROL
campo de control ES-MaACL
005 - FECHA Y HORA DE LA ÚLTIMA TRANSACCIÓN
campo de control 20250917063043.0
007 - CAMPO FIJO DE DESCRIPCIÓN FÍSICA--INFORMACIÓN GENERAL
campo de control de longitud fija t|
008 - DATOS DE LONGITUD FIJA--INFORMACIÓN GENERAL
campo de control de longitud fija 060522s1953 fr ||||1| fre d
080 ## - NÚMERO DE LA CLASIFICACIÓN DECIMAL UNIVERSAL
Número de la Clasificación Decimal Universal 821.124'04-7"15"
100 0# - ENTRADA PRINCIPAL--NOMBRE DE PERSONA
Nombre de persona Erasmus, Desiderius,
Fechas asociadas al nombre 1467-1536
9 (RLIN) 47350
245 10 - MENCIÓN DEL TÍTULO
Título Eloge de la folie /
Mención de responsabilidad, etc. Erasme ; nouvellment traduit par Pierre de Nolhac ; suivi de la lettre d'Erasme a Dorpius avec des annotations de Maurice Rat.
260 ## - PUBLICACIÓN, DISTRIBUCIÓN, ETC.
Lugar de publicación, distribución, etc. Paris :
Nombre del editor, distribuidor, etc. Garnier,
Fecha de publicación, distribución, etc. [1953]
300 ## - DESCRIPCIÓN FÍSICA
Extensión XII, 327 p. ;
Dimensiones 19 cm.
490 1# - MENCIÓN DE SERIE
Mención de serie Classiques Garnier
500 ## - NOTA GENERAL
Nota general Biblioteca Jacinto Martínez Lacalle.
500 ## - NOTA GENERAL
Nota general Texto en latín y francés.
700 1# - ENTRADA AGREGADA--NOMBRE PERSONAL
Nombre de persona Nolhac, Pierre de.
9 (RLIN) 85911
700 1# - ENTRADA AGREGADA--NOMBRE PERSONAL
Nombre de persona Rat, Maurice.
9 (RLIN) 95518
740 0# - ENTRADA AGREGADA--TÍTULO RELACIONADO/ANALÍTICO NO CONTROLADO
Título relacionado o analítico no controlado Lettre d'Erasme a Dorpius.
830 0# - PUNTO DE ACCESO ADICIONAL DE SERIE-TÍTULO UNIFORME
Título uniforme Classiques Garnier
9 (RLIN) 184859
852 ## - LOCALIZACIÓN
Ubicación ES-MaACL
Número de control de estantería E-11235
Sublocalización o colección R.138934
Holdings
Estatus retirado Estado de pérdida Estado de daño No para préstamo Biblioteca de origen Biblioteca actual Ubicación en estantería Fecha de adquisición Fuente de adquisición Total de préstamos Signatura topográfica completa Código de barras Visto por última vez Precio de reemplazo Tipo de ítem Koha
        Biblioteca del Ateneo de Madrid Biblioteca del Ateneo de Madrid Depósito 2 17/01/2008     E-11235 1109492 23/02/2023 23/02/2023 Libro impreso